| 000 | 00296 a2200121 4500 | ||
|---|---|---|---|
| 001 | 86541 | ||
| 082 | _a398.2 LOK | ||
| 090 |
_c40718 _d40718 |
||
| 100 | _aAbida Perveen | ||
| 245 | _aHeritage & Folklore GM-08 (Only DVD) | ||
| 260 |
_aIslamabad _bLok Virsa Islamabad _c2012 |
||
| 500 | _aLok Virsa | ||
| 942 |
_aCAENUST _k398.2 LOK |
||
| 999 |
_c321614 _d321614 |
||